[Event "Frankfurt-chA"]
[Site "Frankfurt"]
[Date "2018.06.04"]
[Round "5"]
[White "Zeyen, Helmut"]
[Black "Hedrich, Gerd Ernst"]
[Result "1-0"]
[WhiteElo "1730"]
[BlackElo "1284"]
[PlyCount "81"]
[EventDate "2018.04.30"]
[EventType "swiss"]
[EventRounds "7"]
[EventCountry "GER"]
[SourceTitle "EXT 2019"]
[Source "ChessBase"]
[SourceDate "2018.10.10"]
[SourceVersion "1"]
[SourceVersionDate "2018.10.10"]
[SourceQuality "1"]

1. e4 c6 2. d4 d5 3. Be3 dxe4 4. f3 exf3 5. Nxf3 Bf5 6. Bc4 Nf6 7. 0-0 e6 8. Nc3 Nbd7 9. Ng5 Bg4 10. Qe1 Be7 11. h3 Bh5 12. Bxe6 0-0 13. Bf5 h6 14. Nf3 Qc7 15. Qd2 Bg6 16. Bxg6 fxg6 17. Rae1 Rf7 18. Bf4 Qd8 19. Qd3 Nf8 20. Ne5 g5 21. Nxf7 Kxf7 22. Qc4+ Kg6 23. Qd3+ Kf7 24. Be5 Ng6 25. Qc4+ Kf8 26. Ne4 b5 27. Qe6 Nf4 28. Bxf4 gxf4 29. c3 g5 30. Nxf6 Bxf6 31. Qxc6 Rb8 32. Re6 Rb6 33. Qc5+ Be7 34. Qf5+ Bf6 35. Rxb6 Qxb6 36. Re1 Kf7 37. Qd7+ Kg6 38. Re6 Qb8 39. Re8 Qb6 40. Rg8+ Kh5 41. Qg4# 1-0

[Event "Wiesbaden op 29th"]
[Site "Wiesbaden"]
[Date "2017.08.27"]
[Round "7"]
[White "Froehlich Dill, Astrid"]
[Black "Zeyen, Helmut"]
[Result "0-1"]
[WhiteElo "1891"]
[BlackElo "1781"]
[PlyCount "74"]
[EventDate "2017.08.24"]
[EventType "swiss"]
[EventRounds "7"]
[EventCountry "GER"]
[SourceTitle "CBM 180 Extra"]
[Source "ChessBase"]
[SourceDate "2017.10.06"]
[SourceVersion "1"]
[SourceVersionDate "2017.10.06"]
[SourceQuality "1"]

1. d4 d5 2. Nf3 Nc6 3. Bf4 Bg4 4. e3 e6 5. a3 Bd6 6. Bxd6 Qxd6 7. c4 dxc4 8. Bxc4 Nf6 9. Nc3 a6 10. b4 0-0 11. 0-0 Ne7 12. h3 Bh5 13. Rc1 Ned5 14. Be2 Nxc3 15. Rxc3 Ne4 16. Rc2 f6 17. Qd3 Bg6 18. Nh4 Nxf2 19. Qc4 Bxc2 20. Qxc2 Qg3 21. Rxf2 Qxh4 22. Qxc7 Qe4 23. Qg3 Rac8 24. Rf4 Rc1+ 25. Kf2 Qc2 26. Qg4 f5 27. Qf3 Qd2 28. Kg3 g5 29. Qh5 gxf4+ 30. exf4 Qe3+ 31. Bf3 Rc7 32. Qh6 Rg7+ 33. Kh2 Rg6 34. Qh4 Qxd4 35. Bh5 Kg7 36. Bxg6 hxg6 37. g3 Qf6 0-1

[Event "Wiesbaden op 28th"]
[Site "Wiesbaden"]
[Date "2016.08.28"]
[Round "6"]
[White "Foerster Yialamas, Lucas"]
[Black "Zeyen, Helmut"]
[Result "1-0"]
[WhiteElo "1635"]
[BlackElo "1819"]
[PlyCount "39"]
[EventDate "2016.08.25"]
[EventType "swiss"]
[EventRounds "7"]
[EventCountry "GER"]
[SourceTitle "CBM 174 Extra"]
[Source "ChessBase"]
[SourceDate "2016.10.10"]
[SourceVersion "1"]
[SourceVersionDate "2016.10.10"]
[SourceQuality "1"]

1. e4 d5 2. exd5 Nf6 3. d4 Qxd5 4. c4 Qd8 5. Nc3 c6 6. Be2 Bf5 7. Be3 e6 8. a3 Be7 9. Nf3 0-0 10. 0-0 Qc7 11. Rc1 Rd8 12. Qa4 Nbd7 13. b4 a5 14. b5 Nb6 15. Qb3 a4 16. Qb2 Ng4 17. c5 Nd5 18. Nxd5 exd5 19. b6 Be4 20. bxc7 1-0

[Event "Wiesbaden op 28th"]
[Site "Wiesbaden"]
[Date "2016.08.27"]
[Round "5"]
[White "Zeyen, Helmut"]
[Black "Maleski, Heinz"]
[Result "1/2-1/2"]
[WhiteElo "1819"]
[BlackElo "1676"]
[PlyCount "51"]
[EventDate "2016.08.25"]
[EventType "swiss"]
[EventRounds "7"]
[EventCountry "GER"]
[SourceTitle "CBM 174 Extra"]
[Source "ChessBase"]
[SourceDate "2016.10.10"]
[SourceVersion "1"]
[SourceVersionDate "2016.10.10"]
[SourceQuality "1"]

1. e4 c5 2. Nc3 Nc6 3. f4 e6 4. Bb5 a6 5. Bxc6 bxc6 6. Nf3 d5 7. d3 g6 8. 0-0 Bg7 9. Ne2 Ne7 10. Ng3 0-0 11. c3 Rb8 12. e5 Qb6 13. Rf2 a5 14. Be3 Rd8 15. Bc1 Ba6 16. a4 f6 17. Ne2 fxe5 18. Ng5 Bc8 19. fxe5 h6 20. Nf7 Rf8 21. Nxh6+ Bxh6 22. Bxh6 Rxf2 23. Kxf2 Nf5 24. Qd2 Qxb2 25. Qg5 Kh7 26. g4 1/2-1/2

[Event "Wiesbaden op 26th"]
[Site "Wiesbaden"]
[Date "2014.08.30"]
[Round "5"]
[White "Martin, Reiner"]
[Black "Zeyen, Helmut"]
[Result "1-0"]
[WhiteElo "1981"]
[BlackElo "1801"]
[PlyCount "59"]
[EventDate "2014.08.28"]
[EventType "swiss"]
[EventRounds "7"]
[EventCountry "GER"]
[SourceTitle "CBM 162 Extra"]
[Source "ChessBase"]
[SourceDate "2014.10.17"]
[SourceVersion "1"]
[SourceVersionDate "2014.10.17"]
[SourceQuality "1"]

1. d4 d5 2. g3 Nc6 3. Bg2 Nf6 4. Nf3 e6 5. 0-0 Bd6 6. c4 0-0 7. b3 Re8 8. Bb2 Bf8 9. Nbd2 Ne7 10. Rc1 c6 11. e3 Ng6 12. Qc2 Bb4 13. a3 Bxd2 14. Qxd2 Ne4 15. Qc2 f5 16. Ne5 Nxe5 17. dxe5 Ng5 18. Rfd1 Qe7 19. b4 h5 20. b5 Bd7 21. a4 Kf7 22. Qb3 Ne4 23. Ba3 Qg5 24. Rd4 h4 25. cxd5 hxg3 26. hxg3 exd5 27. Bxe4 fxe4 28. Rxe4 Rh8 29. Rf4+ Ke6 30. Qb4 1-0